| 000 | 00611cam a2200217 4500 | ||
|---|---|---|---|
| 001 | B1526 | ||
| 008 | 090401t xxu||||| |||| 00| 0 eng d | ||
| 035 | _a(Sirsi) u44970 | ||
| 041 | _aeng | ||
| 050 | _a333.337 | ||
| 110 |
_aHillier Parker Research _92002 |
||
| 245 | 2 | _aA forecast of shop rents. - No. 1 (July 1977) - No. 2 (October 1978); No. 4 (September 1980) - No. 9 (December 1985) - | |
| 260 |
_aLondon _bHillier Parker May and Rowden _c1977 - |
||
| 350 | _a19.5 | ||
| 520 | _aPublished annually. | ||
| 650 | _aFORECASTS | ||
| 650 | _aRENT | ||
| 650 | _aSHOPS | ||
| 942 | _n0 | ||
| 948 | _c04/03/1997 | ||
| 999 |
_c91623 _d91623 |
||